000 00461nam a2200157 4500
001 116746
003 ES-MaACL
005 20230906190748.0
007 t|
008 061121s1972 sp r ||||1| fre d
100 1 _aOusmane, Sembene.
_987982
245 1 0 _aVehi-Ciosane ou blanchegenèse suivi du mandat /
_cSembene Ousmane.
260 _aValencia :
_b[s.n.],
_c1972 (
_fPapelería Vila)
300 _a190 p. ;
_c18 cm.
852 _aES-MaACL
_jC-52691
_bR.83307
999 _c116746
_d116746